| 000 | nam a22 7a 4500 | ||
|---|---|---|---|
| 999 |
_c133419 _d133419 |
||
| 005 | 20190116091755.0 | ||
| 008 | 181203b mx ||||| |||| 00| 0 spa d | ||
| 020 | _a9688874027 | ||
| 050 | 0 | 4 |
_aSB472.45 _bH65 2003 |
| 100 | 1 | _aHolden, Robert. | |
| 240 | 1 | 0 |
_aNew Landscape Design. _lEspañol. |
| 245 | 1 | 0 |
_aNueva arquitectura del paisaje _c / Robert Holden ; traducción Luis Ramón Laca Menéndez de Luarco. |
| 250 | _a1a ed. | ||
| 260 |
_aMéxico : _bEdiciones G. Gili, _c2003. |
||
| 300 |
_a191 p. : _bil. : _c30 cm. |
||
| 506 | _aPIFI 3.2 | ||
| 650 | 4 | _aDiseño de paisajes | |
| 650 | 7 |
_2lemb _aArquitectura del paisaje |
|
| 700 | 1 |
_aLaca Menéndez de Luarco, Luis Ramón, _etraductor |
|
| 942 |
_2lcc _cLIB |
||